| 000 | 00652nam a2200169 a 4500 | ||
|---|---|---|---|
| 001 | 000039691 | ||
| 005 | 20201002033700.0 | ||
| 008 | 130716s2013 dr 000 0 spa d | ||
| 020 | _a9789945491098 | ||
| 040 |
_aDO-SdBNP _bspa _cBNPHU |
||
| 100 | 1 |
_aUreña Marte, Josefina _965883 |
|
| 245 | 1 | 4 |
_aLos regalos de Dios : _bexperiencias de fe vividas con amor / _cJosefina Ureña Marte ; prólogo Dalton Reyes Martínez. |
| 260 |
_aSantiago de los Caballeros : _bPalabra Multimedia, _c2013. |
||
| 300 |
_a82 p. ; _c23 cm. |
||
| 500 | _aIncluye datos biográficos de la autora en la solapa de la cubierta | ||
| 700 | 1 |
_aReyes Martínez, Dalton, _epról. _965884 |
|
| 999 |
_c39181 _d39181 |
||